Microsoft word version 7.0 for Windows '95 : Giáo trình thực hành

Nội dung giới thiệu tổng quát về Winword và 16 bài thực hành liên quan đến winword 95.

محفوظ في:
التفاصيل البيبلوغرافية
المؤلف الرئيسي: Ông, Văn Thông
التنسيق: كتاب
اللغة:Undetermined
منشور في: Hà Nội Thống Kê 1997
الموضوعات:
الوسوم: إضافة وسم
لا توجد وسوم, كن أول من يضع وسما على هذه التسجيلة!
Thư viện lưu trữ: Trung tâm Học liệu Trường Đại học Cần Thơ
LEADER 00730nam a2200217Ia 4500
001 CTU_30688
008 210402s9999 xx 000 0 und d
020 |b 47.000đ 
082 |a 005.15 
082 |b Th455 
100 |a Ông, Văn Thông 
245 0 |a Microsoft word version 7.0 for Windows '95 : 
245 0 |b Giáo trình thực hành 
245 0 |c Ông Văn Thông 
260 |a Hà Nội 
260 |b Thống Kê 
260 |c 1997 
520 |a Nội dung giới thiệu tổng quát về Winword và 16 bài thực hành liên quan đến winword 95. 
650 |a World ( computer programs ) 
904 |i Minh, QHieu 
980 |a Trung tâm Học liệu Trường Đại học Cần Thơ